Star Wars "Darth" sith - Statistics

General Stats
  • This quiz has been taken 218 times
    213 since last reset
  • The average score is 7 of 15
Answer Stats
Hint Answer % Correct
Darth Vader
100%
Darth Maul
92%
Darth Sidious
91%
Darth Bane
75%
Darth Revan
66%
(Requested by Limeila)Darth Tyranus
63%
Darth Nihilus
44%
Darth Malak
39%
Darth Malgus
39%
Darth Krayt
27%
Darth Dooku
24%
Darth Zannah
23%
Darth Sion
22%
Darth Andeddu
9%
Darth Vindican
7%
No matching quizzes found
Score Distribution
Percent of People with Each Score
Percentile by Number Answered
Your Score History
You have not taken this quiz since the last reset